More Drops (Record no. 7288)
[ view plain ]
| 000 -LEADER | |
|---|---|
| fixed length control field | 01130cjm a22002893a 4500 |
| 001 - CONTROL NUMBER | |
| control field | 14590679 |
| 003 - CONTROL NUMBER IDENTIFIER | |
| control field | OSt |
| 005 - DATE AND TIME OF LATEST TRANSACTION | |
| control field | 20190907160238.0 |
| 007 - PHYSICAL DESCRIPTION FIXED FIELD--GENERAL INFORMATION | |
| fixed length control field | sd fsngnnmmned |
| 008 - FIXED-LENGTH DATA ELEMENTS--GENERAL INFORMATION | |
| fixed length control field | 061011s2005 xx ppn| | eng |
| 010 ## - LIBRARY OF CONGRESS CONTROL NUMBER | |
| LC control number | 2006589235 |
| 024 1# - OTHER STANDARD IDENTIFIER | |
| Standard number or code | 837101079853 |
| 040 ## - CATALOGING SOURCE | |
| Original cataloging agency | DLC |
| Transcribing agency | DLC |
| 050 00 - LIBRARY OF CONGRESS CALL NUMBER | |
| Classification number | SDB 48714 |
| 082 ## - DEWEY DECIMAL CLASSIFICATION NUMBER | |
| Classification number | 248.4 |
| Item number | V572M |
| 100 ## - MAIN ENTRY--PERSONAL NAME | |
| Personal name | Verwer, George |
| 245 00 - TITLE STATEMENT | |
| Title | More Drops |
| Medium | Ministry, Mercy, Messsiology |
| 260 ## - PUBLICATION, DISTRIBUTION, ETC. | |
| Place of publication, distribution, etc. | Hydrabad |
| Name of publisher, distributor, etc. | Authentic Media |
| Date of publication, distribution, etc. | 2015 |
| 300 ## - PHYSICAL DESCRIPTION | |
| Extent | 1 sound disc : |
| Other physical details | digital ; |
| Dimensions | 4 3/4 in. |
| 500 ## - GENERAL NOTE | |
| General note | Compact disc. |
| 500 ## - GENERAL NOTE | |
| General note | Brief record. |
| 505 0# - FORMATTED CONTENTS NOTE | |
| Formatted contents note | Come to the dance -- Before the twilight falls : for blodeuwedd -- Take me down : to her water -- Four doors to elfland -- Queen of argyll -- Three more drops -- Autumn in Asheville -- Gwydion's song of lleu -- Wheel of fortune -- Four Jacks -- Irish heartbeat -- Dagger of the moon -- Urania sings -- Whistler's farewell -- Dance of the rats -- We come from monkeys. |
| 511 0# - PARTICIPANT OR PERFORMER NOTE | |
| Participant or performer note | Emerald Rose. |
| 906 ## - LOCAL DATA ELEMENT F, LDF (RLIN) | |
| a | 7 |
| b | cbc |
| c | orignew |
| d | 3 |
| e | ncip |
| f | 20 |
| g | y-genmusic |
| 942 ## - ADDED ENTRY ELEMENTS (KOHA) | |
| Source of classification or shelving scheme | Dewey Decimal Classification |
| Koha item type | Books |
| Withdrawn status | Lost status | Source of classification or shelving scheme | Damaged status | Not for loan | Collection code | Home library | Current library | Shelving location | Date acquired | Cost, normal purchase price | Total Checkouts | Full call number | Barcode | Date last seen | Price effective from | Koha item type |
|---|---|---|---|---|---|---|---|---|---|---|---|---|---|---|---|---|
| Dewey Decimal Classification | Non-fiction | Harvest Mission College | Harvest Mission College | General Stacks | 05.02.2019 | 950.00 | 248.4 V572M | 008285 | 05.02.2019 | 05.02.2019 | Books |
